000 00802nam a2200205Ii 4500
003 JO-AjNU
008 230605s9999||||xx |||||||||||||| ||und||
040 _aJO-AjNU
_bara
_erda
_cJO-AjNU
041 _aara
050 1 4 _aBP165.5.H39 1996
100 3 _aإعداد: سفر بن عبد الرحمن الحوالي ؛ اشراف محمد قطب,
_eauthor
_956441
245 0 0 _aظاهرة الإرجاء في الفكر الإسلامي، ج1
250 _aط1
264 3 1 _aالقاهرة: مكتب الطيب لخدمة التراث الاسلامي والرسائل العلمية، 1996
300 _aج1، 1-364ص
336 _atext
_btxt
_2rdacontent
337 _aunmediated
_bn
_2rdamedia
338 _avolume
_bnc
_2rdacarrier
650 4 _aالمرجئة- الفرق الاسلامية
_956442
999 _aA25233
_c28801
_d28801